| 000 | 00712nam a22002177a 4500 | ||
|---|---|---|---|
| 999 |
_c4027 _d4027 |
||
| 003 | AR-CdUCM | ||
| 008 | 190307b ||||| |||| 00| 0 spa d | ||
| 040 |
_aMUNICIPALIDAD PROVINCIAL DEL CUSCO _cBIBLIOTECA MUNICIPAL DEL CUSCO |
||
| 082 |
_a869.56 / _bÑ95 |
||
| 100 |
_aNúñez hague, Estuardo _912846 |
||
| 245 | _aUn manuscrito autógrafo y desconocido de Mariano Melgar / | ||
| 260 |
_aLima : _bBiblioteca Nacional del Perú, _c1971 |
||
| 300 |
_a13 páginas ; _c25 cm. |
||
| 500 | _aDonación de la familia de Luis Nieto | ||
| 505 | _aContenido: Manuscrito de Mariano Melgar. | ||
| 650 |
_aMelgar _912847 |
||
| 650 |
_aArequipa _91703 |
||
| 650 |
_aVersos _92209 |
||
| 942 |
_2ddc _cLIBROS |
||
| 945 | _adavv | ||